Các hợp chất mang thông tin di truyền

Sparad:
Bibliografiska uppgifter
Huvudupphovsman: Bùi Xuân Đồng
Materialtyp: Bok
Språk:Undetermined
Publicerad: Hà Nội KHKT 1981
Ämnen:
Taggar: Lägg till en tagg
Inga taggar, Lägg till första taggen!
Thư viện lưu trữ: Trung tâm Học liệu Trường Đại học Cần Thơ
LEADER 00553nam a2200181Ia 4500
001 CTU_23415
008 210402s9999 xx 000 0 und d
082 |a 576.5 
082 |b Đ431 
100 |a Bùi Xuân Đồng 
245 0 |a Các hợp chất mang thông tin di truyền 
245 0 |c Bùi Xuân Đồng 
260 |a Hà Nội 
260 |b KHKT 
260 |c 1981 
650 |a biology,genetics 
904 |i Lan, Mai chuyển số PL từ 575.1 thành 576.5 
980 |a Trung tâm Học liệu Trường Đại học Cần Thơ